Tous les pokémon par les 2 premières lettres - Statistiques

Statistiques générales
  • Ce quiz a été pris 50 426 fois
    14 061 depuis la dernière actualisation
  • Le résultat moyen est 856 sur 1025
Statistiques - réponses
Numéro Pokémon % Correct
21 Piafabec
96%
731 Picassaut
96%
172 Pichu
96%
732 Piclairon
96%
806 Pierroteknik
96%
974 Piétacé
96%
274 Pifeuil
96%
441 Pijako
96%
25 Pikachu
96%
951 Pimito
96%
395 Pingoléon
96%
710 Pitrouille
96%
1 Bulbizarre
95%
796 Câblifère
95%
672 Cabriolaine
95%
331 Cacnea
95%
332 Cacturne
95%
225 Cadoizo
95%
323 Camérupt
95%
913 Canarbello
95%
83 Canarticho
95%
795 Cancrelove
95%
762 Candine
95%
58 Caninos
95%
424 Capidextre
95%
190 Capumain
95%
8 Carabaffe
95%
588 Carabing
95%
564 Carapagos
95%
7 Carapuce
95%
213 Caratroc
95%
445 Carchacrok
95%
444 Carmache
95%
936 Carmadura
95%
318 Carvanha
95%
400 Castorno
95%
866 M. Glaquette
95%
122 M.Mime
95%
27 Sabelette
95%
28 Sablaireau
95%
4 Salamèche
95%
849 Salarsen
95%
422 Sancoki
95%
659 Sapereau
95%
114 Saquedeneu
95%
768 Sarmuraï
95%
371 Draby
94%
6 Dracaufeu
94%
372 Drackhaus
94%
148 Draco
94%
149 Dracolosse
94%
699 Dragmara
94%
780 Draïeul
94%
621 Drakkarmin
94%
452 Drascore
94%
842 Dratatin
94%
373 Drattak
94%
378 Regice
94%
895 Regidrago
94%
894 Regieleki
94%
486 Regigigas
94%
377 Regirock
94%
379 Registeel
94%
369 Relicanth
94%
223 Rémoraid
94%
5 Reptincel
94%
643 Reshiram
94%
697 Rexillius
94%
777 Togedemaru
94%
468 Togekiss
94%
175 Togepi
94%
176 Togetic
94%
788 Tokopisco
94%
786 Tokopiyon
94%
785 Tokorico
94%
787 Tokotoro
94%
972 Tomberro
94%
834 Torgamord
94%
9 Tortank
94%
389 Torterra
94%
387 Tortipouss
94%
174 Toudoudou
94%
191 Tournegrin
94%
829 Tournicoton
94%
971 Toutombe
94%
848 Toxizap
94%
283 Arakdo
93%
751 Araqua
93%
24 Arbok
93%
930 Arboliva
93%
59 Arcanin
93%
493 Arceus
93%
724 Archéduc
93%
437 Archéodong
93%
436 Archéomire
93%
252 Arcko
93%
735 Argouste
93%
566 Arkéapti
93%
348 Armaldo
93%
266 Armulys
93%
817 Arrozard
93%
144 Artikodin
93%
485 Heatran
93%
277 Hélédelle
93%
192 Héliatronc
93%
667 Hélionceau
93%
2 Herbizarre
93%
155 Héricendre
93%
870 Hexadron
93%
615 Hexagel
93%
417 Pachirisu
93%
879 Pachyradjah
93%
865 Palarticho
93%
484 Palkia
93%
914 Palmaval
93%
675 Pandarbare
93%
674 Pandespiègle
93%
414 Papilord
93%
12 Papilusion
93%
269 Papinox
93%
902 Paragruel
93%
46 Paras
93%
47 Parasect
93%
287 Parecool
93%
573 Pashmilla
93%
661 Passerouge
93%
926 Pâtachiot
93%
992 Paume-de-Fer
93%
74 Racaillou
93%
45 Rafflesia
93%
26 Raichu
93%
243 Raikou
93%
294 Ramboum
93%
79 Ramoloss
93%
988 Rampe-Ailes
93%
22 Rapasdepic
93%
451 Rapion
93%
504 Ratentif
93%
19 Rattata
93%
20 Rattatac
93%
384 Rayquaza
93%
669 Flabébé
92%
80 Flagadoss
92%
513 Flamajou
92%
813 Flambino
92%
663 Flambusard
92%
973 Flamenroule
92%
725 Flamiaou
92%
911 Flâmigator
92%
514 Flamoutan
92%
692 Flingouste
92%
259 Flobio
92%
670 Floette
92%
754 Floramantis
92%
188 Floravol
92%
970 Floréclat
92%
671 Florges
92%
3 Florizarre
92%
515 Flotajou
92%
955 Flotillon
92%
516 Flotoutan
92%
987 Flotte-Mèche
92%
682 Fluvetin
92%
921 Pohm
92%
923 Pohmarmotte
92%
922 Pohmotte
92%
519 Poichigeon
92%
118 Poissirène
92%
119 Poissoroy
92%
614 Polagriffe
92%
613 Polarhume
92%
353 Polichombr
92%
1012 Poltchageist
92%
855 Polthégeist
92%
204 Pomdepik
92%
1019 Pomdorochi
92%
1011 Pomdramour
92%
841 Pomdrapi
92%
507 Ponchien
92%
506 Ponchiot
92%
1018 Pondralugon
92%
77 Ponyta
92%
137 Porygon
92%
233 Porygon2
92%
474 Porygon-Z
92%
311 Posipi
92%
852 Poulpaf
92%
906 Poussacha
92%
255 Poussifeu
92%
261 Medhyèna
91%
307 Méditikka
91%
154 Méganium
91%
565 Mégapagos
91%
578 Méios
91%
608 Mélancolux
91%
809 Melmetal
91%
173 Mélo
91%
36 Mélodelfe
91%
648 Meloetta
91%
35 Mélofée
91%
402 Mélokrik
91%
808 Meltan
91%
196 Mentali
91%
575 Mesmérella
91%
376 Métalosse
91%
132 Métamorph
91%
375 Métang
91%
774 Météno
91%
151 Mew
91%
150 Mewtwo
91%
744 Rocabot
91%
1022 Roc-de-Fer
91%
199 Roigada
91%
500 Roitiflam
91%
39 Rondoudou
91%
143 Ronflex
91%
819 Rongourmand
91%
820 Rongrigou
91%
368 Rosabyss
91%
315 Rosélia
91%
407 Roserade
91%
529 Rototaupe
91%
828 Roublenard
91%
18 Roucarnage
91%
16 Roucool
91%
17 Roucoups
91%
990 Roue-de-Fer
91%
654 Roussil
91%
406 Rozbouton
91%
13 Aspicot
90%
826 Astronelle
90%
454 Coatox
90%
638 Cobaltium
90%
221 Cochignon
90%
14 Coconfort
90%
683 Cocotine
90%
912 Coiffeton
90%
825 Coléodôme
90%
342 Colhomard
90%
705 Colimucus
90%
520 Colombeau
90%
57 Colossinge
90%
924 Compagnol
90%
771 Concombaffe
90%
366 Coquiperl
90%
864 Corayôme
90%
222 Corayon
90%
430 Corboss
90%
198 Cornèbre
90%
823 Corvaillus
90%
789 Cosmog
90%
790 Cosmovum
90%
189 Cotovol
90%
676 Couafarel
90%
580 Couaneton
90%
463 Coudlangue
90%
610 Coupenotte
90%
979 Courrousinge
90%
541 Couverdure
90%
165 Coxy
90%
166 Coxyclaque
90%
15 Dardargnan
90%
491 Darkrai
90%
555 Darumacho
90%
554 Darumarond
90%
568 Miamiasme
90%
52 Miaouss
90%
908 Miascarade
90%
569 Miasmax
90%
168 Migalos
90%
350 Milobellus
90%
753 Mimantis
90%
439 MimeJr.
90%
167 Mimigal
90%
778 Mimiqui
90%
48 Mimitoss
90%
147 Minidraco
90%
821 Minisange
90%
530 Minotaupe
90%
505 Miradar
90%
1008 Miraidon
90%
678 Mistigrix
90%
994 Mite-de-Fer
90%
88 Tadmorv
90%
945 Tag-Tag
90%
931 Tapatoès
90%
752 Tarenbulle
90%
299 Tarinor
90%
476 Tarinorme
90%
186 Tarpaud
90%
280 Tarsal
90%
62 Tartard
90%
960 Taupikeau
90%
50 Taupiqueur
90%
128 Tauros
90%
23 Abo
89%
63 Abra
89%
359 Absol
89%
65 Alakazam
89%
160 Aligatueur
89%
334 Altaria
89%
509 Chacripan
89%
432 Chaffreux
89%
431 Chaglam
89%
322 Chamallot
89%
286 Chapignon
89%
857 Chapotus
89%
935 Charbambin
89%
837 Charbi
89%
878 Charibari
89%
409 Charkos
89%
267 Charmillon
89%
869 Charmilly
89%
308 Charmina
89%
532 Charpenti
89%
324 Chartor
89%
1023 Chef-de-Fer
89%
760 Chelours
89%
10 Chenipan
89%
265 Chenipotte
89%
413 Cheniselle
89%
412 Cheniti
89%
69 Chétiflor
89%
673 Chevroum
89%
391 Chimpenfeu
89%
572 Chinchidou
89%
548 Chlorobule
89%
909 Chochodile
89%
1001 Chongjian
89%
527 Chovsourir
89%
11 Chrysacier
89%
737 Chrysapile
89%
293 Chuchmur
89%
1014 Félicanis
89%
727 Félinferno
89%
968 Ferdeter
89%
632 Fermite
89%
56 Férosinge
89%
200 Feuforêve
89%
511 Feuillajou
89%
512 Feuiloutan
89%
38 Feunard
89%
653 Feunnec
89%
1020 Feu-Perçant
89%
156 Feurisson
89%
140 Kabuto
89%
141 Kabutops
89%
64 Kadabra
89%
158 Kaiminus
89%
365 Kaimorse
89%
115 Kangourex
89%
344 Kaorine
89%
237 Kapoera
89%
539 Karaclée
89%
798 Katagami
89%
260 Laggron
89%
180 Lainergie
89%
581 Lakmécygne
89%
87 Lamantine
89%
603 Lampéroie
89%
756 Lampignon
89%
589 Lançargot
89%
887 Lanssorien
89%
171 Lanturn
89%
427 Laporeille
89%
814 Lapyro
89%
816 Larméléon
89%
824 Larvadar
89%
540 Larveyette
89%
736 Larvibule
89%
380 Latias
89%
381 Latios
89%
66 Machoc
89%
67 Machopeur
89%
68 Mackogneur
89%
153 Macronium
89%
467 Maganon
89%
240 Magby
89%
801 Magearna
89%
129 Magicarpe
89%
429 Magirêve
89%
126 Magmar
89%
81 Magnéti
89%
82 Magnéton
89%
462 Magnézone
89%
497 Majaspic
89%
296 Makuhita
89%
758 Malamandre
89%
228 Malosse
89%
937 Malvalame
89%
594 Mamanbo
89%
473 Mammochon
89%
490 Manaphy
89%
804 Mandrillon
89%
734 Manglouton
89%
335 Mangriff
89%
542 Manternel
89%
438 Manzaï
89%
556 Maracachi
89%
195 Maraiste
89%
220 Marcacrin
89%
183 Marill
89%
650 Marisson
89%
802 Marshadow
89%
551 Mascaïman
89%
284 Maskadra
89%
253 Massko
89%
508 Mastouffe
89%
502 Mateloutre
89%
726 Matoufeu
89%
907 Matourgeon
89%
310 Élecsprint
88%
145 Électhor
88%
101 Électrode
88%
466 Élekable
88%
239 Élekid
88%
125 Élektek
88%
305 Galegon
88%
304 Galekid
88%
306 Galeking
88%
256 Galifeu
88%
475 Gallame
88%
78 Galopa
88%
881 Galvagla
88%
880 Galvagon
88%
694 Galvaran
88%
920 Gambex
88%
693 Gamblast
88%
1006 Garde-de-Fer
88%
282 Gardevoir
88%
591 Gaulet
88%
258 Gobou
88%
278 Goélise
88%
446 Goinfrex
88%
623 Golemastoc
88%
689 Golgopathe
88%
812 Gorythmic
88%
655 Goupelin
88%
827 Goupilou
88%
37 Goupix
88%
915 Gourmelet
88%
765 Gouroutan
88%
262 Grahyèna
88%
273 Grainipiot
88%
210 Granbull
88%
187 Granivol
88%
75 Gravalanch
88%
712 Grelaçon
88%
656 Grenousse
88%
944 Gribouraigne
88%
443 Griknot
88%
850 Grillepattes
88%
859 Grimalin
88%
597 Grindur
88%
622 Gringolem
88%
40 Grodoudou
88%
426 Grodrive
88%
76 Grolem
88%
1000 Gromago
88%
942 Grondogue
88%
326 Groret
88%
89 Grotadmorv
88%
499 Grotichon
88%
383 Groudon
88%
498 Gruikui
88%
598 Noacier
88%
103 Noadkoko
88%
164 Noarfang
88%
197 Noctali
88%
477 Noctunoir
88%
524 Nodulithe
88%
102 Noeunoeuf
88%
42 Nosferalto
88%
41 Nosferapti
88%
169 Nostenfer
88%
759 Nounourson
88%
216 Teddiursa
88%
302 Ténéfix
88%
275 Tengalice
88%
72 Tentacool
88%
73 Tentacruel
88%
356 Téraclope
88%
1024 Terapagos
88%
374 Terhal
88%
948 Terracool
88%
949 Terracruel
88%
980 Terraiste
88%
639 Terrakium
88%
938 Têtampoule
88%
61 Têtarte
88%
993 Têtes-de-Fer
88%
805 Ama-Ama
87%
698 Amagara
87%
933 Amassel
87%
139 Amonistar
87%
138 Amonita
87%
905 Amovénus
87%
658 Amphinobi
87%
939 Ampibidou
87%
651 Boguérisse
87%
742 Bombydou
87%
641 Boréas
87%
388 Boskara
87%
465 Bouldeneu
87%
776 Boumata
87%
750 Bourrinos
87%
70 Boustiflor
87%
953 Léboulérou
87%
510 Léopardus
87%
664 Lépidonille
87%
962 Lestombaile
87%
242 Leuphorie
87%
113 Leveinard
87%
130 Léviator
87%
605 Lewsor
87%
818 Lézargus
87%
428 Lockpin
87%
131 Lokhlass
87%
271 Lombre
87%
745 Lougaroc
87%
170 Loupio
87%
370 Lovdisc
87%
763 Sucreine
87%
684 Sucroquin
87%
245 Suicune
87%
146 Sulfura
87%
964 Superdofin
87%
236 Debugant
86%
702 Dedenne
86%
521 Déflaisan
86%
301 Delcatty
86%
976 Délestin
86%
226 Démanta
86%
645 Démétéros
86%
229 Démolosse
86%
779 Denticrisse
86%
386 Deoxys
86%
709 Desséliande
86%
982 Deusolourdo
86%
496 Lianaja
86%
330 Libégon
86%
345 Lilia
86%
919 Lilliterelle
86%
218 Limagma
86%
617 Limaspeed
86%
618 Limonde
86%
264 Linéon
86%
238 Lippouti
86%
124 Lippoutou
86%
403 Lixy
86%
738 Lucanon
86%
448 Lucario
86%
272 Ludicolo
86%
249 Lugia
86%
609 Lugulabre
86%
457 Luminéon
86%
314 Lumivole
86%
792 Lunala
86%
404 Luxio
86%
405 Luxray
86%
478 Momartik
86%
289 Monaflèmit
86%
679 Monorpale
86%
839 Monthracite
86%
999 Mordudor
86%
877 Morpeko
86%
351 Morphéo
86%
479 Motisma
86%
967 Motorizard
86%
435 Moufflair
86%
434 Moufouette
86%
832 Moumouflon
86%
831 Moumouton
86%
794 Mouscoto
86%
501 Moustillon
86%
593 Moyade
86%
721 Volcanion
86%
219 Volcaropod
86%
135 Voltali
86%
100 Voltorbe
86%
835 Voltoutou
86%
747 Vorastérie
86%
455 Vortente
86%
629 Vostourno
86%
134 Aquali
85%
458 Babimanta
85%
769 Bacabouh
85%
811 Badabouin
85%
560 Baggaïd
85%
559 Baggiguane
85%
975 Balbalèze
85%
343 Balbuto
85%
285 Balignon
85%
797 Bamboiselle
85%
711 Banshitrouye
85%
1002 Baojian
85%
340 Barbicha
85%
550 Bargantua
85%
339 Barloche
85%
349 Barpau
85%
411 Bastiodon
85%
536 Batracné
85%
425 Baudrive
85%
733 Bazoucan
85%
925 Famignol
85%
92 Fantominus
85%
885 Fantyrm
85%
547 Farfaduvet
85%
215 Farfuret
85%
903 Farfurex
85%
981 Farigiraf
85%
1016 Favianos
85%
34 Nidoking
85%
31 Nidoqueen
85%
29 | 32 Nidoran
85%
30 Nidorina
85%
33 Nidorino
85%
978 Nigirigon
85%
845 Nigosier
85%
290 Ningale
85%
291 Ninjask
85%
276 Nirondelle
85%
1025 Pêchaminus
85%
989 Pelage-Sablé
85%
665 Pérégrain
85%
53 Persian
85%
338 Solaroc
85%
791 Solgaleo
85%
633 Solochi
85%
714 Sonistrelle
85%
96 Soporifik
85%
582 Sorbébé
85%
584 Sorbouboul
85%
583 Sorboul
85%
858 Sorcilence
85%
767 Sovkipou
85%
749 Tiboudet
85%
599 Tic
85%
393 Tiplouf
85%
917 Tissenboule
85%
612 Tranchodon
85%
770 Trépassable
85%
961 Triopikeau
85%
51 Triopikeur
85%
635 Trioxhydre
85%
535 Tritonde
85%
423 Tritosor
85%
757 Tritox
85%
590 Trompignon
85%
357 Tropius
85%
707 Trousselin
85%
483 Dialga
84%
634 Diamat
84%
719 Diancie
84%
680 Dimoclès
84%
461 Dimoret
84%
1003 Dinglu
84%
410 Dinoclier
84%
886 Dispareptil
84%
106 Kicklee
84%
281 Kirlia
84%
576 Sidérella
84%
773 Silvallié
84%
392 Simiabraz
84%
185 Simularbre
84%
781 Sinistrail
84%
184 Azumarill
83%
298 Azurill
83%
739 Crabagarre
83%
558 Crabaraque
83%
557 Crabicoque
83%
740 Crabominable
83%
453 Cradopaud
83%
950 Craparoi
83%
537 Crapustule
83%
482 Créfadet
83%
481 Créfollet
83%
480 Créhelf
83%
868 Crèmy
83%
488 Cresselia
83%
401 Crikzik
83%
657 Croâporal
83%
910 Crocogril
83%
553 Crocorible
83%
159 Crocrodil
83%
761 Croquine
83%
91 Crustabri
83%
997 Cryodo
83%
561 Cryptéro
83%
783 Écaïd
83%
456 Écayon
83%
341 Écrapince
83%
241 Écrémeuh
83%
94 Ectoplasma
83%
846 Embrochet
83%
246 Embrylex
83%
587 Emolga
83%
71 Empiflor
83%
649 Genesect
83%
525 Géolithe
83%
969 Germéclat
83%
152 Germignon
83%
800 Necrozma
83%
312 Négapi
83%
606 Neitram
83%
668 Némélios
83%
270 Nénupiot
83%
637 Pyrax
83%
815 Pyrobut
83%
136 Pyroli
83%
636 Pyronille
83%
107 Tygnon
83%
333 Tylton
83%
772 Type:0
83%
157 Typhlosion
83%
248 Tyranocif
83%
775 Dodoala
82%
85 Dodrio
82%
84 Doduo
82%
963 Dofin
82%
943 Dogrino
82%
874 Dolman
82%
232 Donphan
82%
546 Doudouvet
82%
133 Évoli
82%
526 Gigalithe
82%
934 Gigansel
82%
203 Girafarig
82%
487 Giratina
82%
471 Givrali
82%
250 Ho-Oh
82%
720 Hoopa
82%
163 Hoothoot
82%
991 Hotte-de-Fer
82%
329 Vibraninf
82%
494 Victini
82%
288 Vigoroth
82%
495 Vipélierre
82%
947 Virevorreur
82%
640 Viridium
82%
946 Virovent
82%
592 Viskuse
82%
585 Vivaldaim
82%
522 Zébibron
82%
523 Zéblitz
82%
644 Zekrom
82%
807 Zeraora
82%
793 Zéroïd
82%
49 Aéromite
81%
567 Aéroptéryx
81%
782 Bébécaille
81%
875 Bekaglaçon
81%
279 Bekipan
81%
873 Beldeneige
81%
954 Bérasca
81%
863 Berserkatt
81%
534 Bétochef
81%
90 Kokiyas
81%
1007 Koraidon
81%
433 Korillon
81%
337 Séléroc
81%
932 Selutin
81%
686 Sepiatop
81%
687 Sepiatroce
81%
713 Séracrawl
81%
367 Serpang
81%
1009 Serpente-Eau
81%
336 Séviper
81%
799 Engloutyran
80%
244 Entei
80%
538 Judokrak
80%
254 Jungko
80%
447 Riolu
80%
662 Braisillon
79%
354 Branette
79%
257 Braségali
79%
722 Brindibou
79%
927 Briochien
79%
708 Brocélôme
79%
295 Brouhabam
79%
701 Brutalibré
79%
545 Brutapode
79%
715 Bruyverne
79%
602 Anchwatt
78%
861 Angoliath
78%
347 Anorith
78%
251 Celebi
78%
899 Cerbyllin
78%
234 Cerfrousse
78%
420 Ceribou
78%
421 Ceriflor
78%
986 Fongus-Furie
78%
205 Foretress
78%
959 Forgelina
78%
958 Forgella
78%
957 Forgerette
78%
984 Fort-Ivoire
78%
1015 Fortusimia
78%
162 Fouinar
78%
161 Fouinette
78%
860 Fourbelin
78%
900 Hachécateur
78%
297 Hariyama
78%
847 Hastacuda
78%
586 Haydaim
78%
313 Muciole
78%
704 Mucuscule
78%
292 Munja
78%
517 Munna
78%
706 Muplodocus
78%
518 Mushana
78%
418 Mustébouée
78%
419 Mustéflott
78%
596 Mygavolt
78%
303 Mysdibule
78%
43 Mystherbe
78%
730 Oratoria
78%
44 Ortide
78%
838 Wagomine
78%
320 Wailmer
78%
321 Wailord
78%
871 Wattapik
78%
179 Wattouat
78%
888 Zacian
78%
889 Zamazenta
78%
940 Zapétrel
78%
201 Zarbi
78%
893 Zarude
78%
352 Kecleon
77%
647 Keldeo
77%
399 Keunotor
77%
231 Phanpy
77%
181 Pharamp
77%
489 Phione
77%
364 Phogleur
77%
470 Phyllali
77%
142 Ptéra
77%
440 Ptiravi
77%
60 Ptitard
77%
696 Ptyranidur
77%
263 Zigzaton
77%
810 Ouistempo
76%
390 Ouisticram
76%
533 Ouvrifier
76%
748 Prédastérie
76%
394 Prinplouf
76%
666 Prismillon
76%
897 Spectreval
76%
93 Spectrum
76%
327 Spinda
76%
442 Spiritomb
76%
755 Spododo
76%
325 Spoink
76%
836 Fulgudog
75%
941 Fulgulairo
75%
642 Fulguris
75%
607 Funécire
75%
627 Furaiglon
75%
728 Otaquin
75%
86 Otaria
75%
729 Otarlette
75%
55 Akwakwak
74%
194 Axoloto
74%
890 Éthernatos
74%
398 Étouraptor
74%
396 Étourmi
74%
397 Étourvol
74%
382 Kyogre
74%
646 Kyurem
74%
346 Vacilys
74%
630 Vaututrice
74%
681 Exagide
73%
660 Excavarenne
73%
108 Excelangue
73%
803 Vémini
73%
690 Venalgue
73%
543 Venipatte
73%
840 Verpom
73%
1010 Vert-de-Fer
73%
883 Hydragla
72%
882 Hydragon
72%
97 Hypnomade
72%
117 Hypocéan
72%
230 Hyporoi
72%
116 Hypotrempe
72%
385 Jirachi
72%
611 Incisache
71%
123 Insécateur
71%
206 Insolourdo
71%
616 Escargaume
70%
552 Escroco
70%
99 Krabboss
70%
98 Krabby
70%
328 Kraknoix
70%
853 Krakos
70%
408 Kranidos
70%
691 Kravarech
70%
362 Oniglali
70%
95 Onix
70%
628 Gueriaigle
69%
764 Guérilande
69%
577 Nucléos
69%
766 Quartermac
69%
235 Queulorior
69%
202 Qulbutoké
69%
830 Blancoton
68%
822 Bleuseille
68%
268 Blindalys
68%
652 Blindépique
68%
460 Blizzaroi
68%
896 Blizzeval
68%
459 Blizzi
68%
503 Clamiral
68%
956 Cléopsytra
68%
600 Clic
68%
601 Cliticlic
68%
531 Nanméouïe
68%
177 Natu
68%
54 Psykokwak
68%
677 Psystigri
68%
361 Stalgamin
68%
120 Stari
68%
121 Staross
68%
595 Statitik
68%
208 Steelix
68%
703 Strassie
68%
631 Aflamanoir
67%
983 Scalpereur
67%
624 Scalpion
67%
625 Scalproie
67%
127 Scarabrute
67%
214 Scarhino
67%
544 Scobolide
67%
851 Scolocendre
67%
207 Scorplane
67%
472 Scorvol
67%
952 Scovilain
67%
574 Scrutella
67%
620 Shaofouine
67%
319 Sharpedo
67%
492 Shaymin
67%
892 Shifours
67%
901 Ursaking
67%
217 Ursaring
67%
309 Dynavolt
66%
743 Rubombelle
66%
1005 Rugit-Lune
66%
716 Xerneas
66%
718 Zygarde
66%
416 Apireine
65%
415 Apitrini
65%
856 Bibichut
65%
723 Efflèche
65%
619 Kungfouine
65%
898 Sylveroy
65%
579 Symbios
65%
784 Ékaïser
64%
549 Fragilady
64%
916 Fragroin
64%
996 Frigodo
64%
626 Frison
64%
872 Frissonille
64%
746 Froussardine
64%
604 Ohmassacre
64%
227 Airmure
63%
317 Avaltout
63%
212 Cizayox
63%
685 Cupcanaille
63%
562 Tutafeh
63%
563 Tutankafer
63%
867 Tutétékri
63%
247 Ymphect
63%
918 Filentrappe
62%
363 Obalie
62%
224 Octillery
62%
464 Rhinastoc
62%
111 Rhinocorne
62%
112 Rhinoféros
62%
528 Rhinolove
62%
571 Zoroark
61%
570 Zorua
61%
178 Xatu
60%
717 Yveltal
59%
450 Hippodocus
58%
449 Hippopotas
58%
182 Joliflor
58%
700 Nymphali
58%
355 Skelénox
58%
300 Skitty
58%
844 Dunaconda
57%
843 Dunaja
57%
884 Duralugon
57%
985 Hurle-Queue
57%
209 Snubbull
57%
929 Olivado
55%
928 Olivini
55%
688 Opermine
55%
105 Ossatueur
54%
104 Osselait
54%
891 Wushours
54%
995 Épine-de-Fer
53%
358 Éoko
52%
854 Théffroi
52%
1013 Théffroyable
52%
1004 Yuyu
52%
695 Iguolta
51%
998 Glaivodo
50%
316 Gloupti
50%
109 Smogo
50%
110 Smogogo
50%
193 Yanma
50%
469 Yanmega
50%
1021 Ire-Foudre
47%
741 Plumeline
47%
876 Wimessir
47%
360 Okéoké
44%
1017 Ogerpon
43%
977 Oyacata
43%
862 Ixon
40%
833 Khélocrok
38%
211 Qwilfish
34%
904 Qwilpik
34%
965 Vrombi
34%
966 Vrombotor
34%
Aucun quiz correspondant
Distribution des résultats
% des personnes avec chaque résultat
Percentile par nombre de réponses
Votre historique - résultats
Vous n’avez pas pris ce quiz depuis la dernière actualisation